Análisis de las etapas y procesos del beneficiado de café (coffea arabica) en Costa Rica

Spremljeno u:
Bibliografski detalji
Glavni autor: Alfaro Quesada, Gilberth
Format: Knjiga
Izdano: San José, C.R 1996
Teme:
Oznake: Dodaj oznaku
Bez oznaka, Budi prvi tko označuje ovaj zapis!

MARC

LEADER 00000nam a2200000Ia 4500
003 008144
005 20221231144234.0
008 140114s1996 cr a m 000 ||s d
040 |c cru CEDI 
090 |a TFG 3611 
100 |a Alfaro Quesada, Gilberth  |9 9625 
245 |a Análisis de las etapas y procesos del beneficiado de café (coffea arabica) en Costa Rica 
260 |c 1996  |a  San José, C.R 
300 |a  xi, [84] hojas : ilustraciones  
500 |a  Tesis (licenciatura en ingeniería agrícola)--Universidad de Costa Rica. Facultad de Ingeniería. Escuela de Ingeniería Agrícola 
650 |x BENEFICIO DE CAFE  |9 9626 
942 |c TFG 
999 |c 18893  |d 18893